Online
Catalog

Análisis de la información mercadológica : (Record no. 23648)

MARC details
000 -CABECERA
campo de control de longitud fija 00805nam a2200229 a 4500
001 - NÚMERO DE CONTROL
campo de control 000024154
005 - FECHA Y HORA DE LA ÚLTIMA TRANSACCIÓN
campo de control 20250617110304.0
008 - DATOS DE LONGITUD FIJA--INFORMACIÓN GENERAL
campo de control de longitud fija 110119s1995 mx a r 000 | spa d
020 ## - NÚMERO INTERNACIONAL ESTÁNDAR DEL LIBRO
Número Internacional Estándar del Libro 968444186X
040 ## - FUENTE DE LA CATALOGACIÓN
Centro catalogador/agencia de origen DO-SdBNP
Lengua de catalogación spa
Centro/agencia transcriptor BNPHU
082 ## - NÚMERO DE LA CLASIFICACIÓN DECIMAL DEWEY
Número de clasificación 658.83
Número de documento/Ítem G194a
100 1# - ENTRADA PRINCIPAL--NOMBRE DE PERSONA
Nombre de persona Garza García, Jorge de la
9 (RLIN) 49593
245 10 - MENCIÓN DE TÍTULO
Título Análisis de la información mercadológica :
Resto del título a través de la estadística multivariante /
Mención de responsabilidad, etc. Jorge de la Garza García.
260 ## - PUBLICACIÓN, DISTRIBUCIÓN, ETC.
Lugar de publicación, distribución, etc. México, D. F. :
Nombre del editor, distribuidor, etc. Alhambra Mexicana,
Fecha de publicación, distribución, etc. 1995.
300 ## - DESCRIPCIÓN FÍSICA
Extensión 235 p. :
-- il. ;
Dimensiones 23 cm.
490 1# - MENCIÓN DE SERIE
Mención de serie Universidad
500 ## - NOTA GENERAL
Nota general Incluye referencias bibliográficas
650 #0 - PUNTO DE ACCESO ADICIONAL DE MATERIA--TÉRMINO DE MATERIA
Término de materia o nombre geográfico como elemento de entrada Investigación de mercado
9 (RLIN) 49594
650 #4 - PUNTO DE ACCESO ADICIONAL DE MATERIA--TÉRMINO DE MATERIA
Término de materia o nombre geográfico como elemento de entrada Análisis de mercadeo
9 (RLIN) 49595
650 #4 - PUNTO DE ACCESO ADICIONAL DE MATERIA--TÉRMINO DE MATERIA
Término de materia o nombre geográfico como elemento de entrada Sistema de información
Subdivisión general Mercadeo
9 (RLIN) 49596
830 #0 - PUNTO DE ACCESO ADICIONAL DE SERIE-TÍTULO UNIFORME
Título uniforme Universidad
9 (RLIN) 49597
Holdings
Estado de retiro Estado de pérdida Restricciones de uso No para préstamo Código de colección Localización permanente Ubicación/localización actual Ubicación en estantería Fecha de adquisición Número de inventario Total de préstamos Signatura topográfica completa Código de barras Fecha visto por última vez Precio válido a partir de Tipo de ítem Koha
        Monografías: Libros y Folletos General General En catalogación 19.01.2011 LF1   658.83 G194a 24154-10 25.06.2020 25.06.2020 Préstamo en sala

Powered by Koha